BCIS building cost index models (Record no. 102981)
[ view plain ]
| 000 -LEADER | |
|---|---|
| fixed length control field | 02097cam a2200397 4500 |
| 001 - CONTROL NUMBER | |
| control field | J123034 |
| 008 - FIXED-LENGTH DATA ELEMENTS--GENERAL INFORMATION | |
| fixed length control field | #DATE n1997 000 0 eng u |
| 022 ## - INTERNATIONAL STANDARD SERIAL NUMBER | |
| International Standard Serial Number | 1367-3300 |
| 035 ## - SYSTEM CONTROL NUMBER | |
| System control number | (Sirsi) u123034 |
| 041 ## - LANGUAGE CODE | |
| Language code of text/sound track or separate title | eng |
| 050 ## - LIBRARY OF CONGRESS CALL NUMBER | |
| Classification number | 692.5 |
| -- | 18 |
| 110 ## - MAIN ENTRY--CORPORATE NAME | |
| Corporate name or jurisdiction name as entry element | Building Cost Information Service |
| 9 (RLIN) | 1096 |
| 245 ## - TITLE STATEMENT | |
| Title | BCIS building cost index models |
| 260 ## - PUBLICATION, DISTRIBUTION, ETC. | |
| Place of publication, distribution, etc. | London |
| Name of publisher, distributor, etc. | BCIS |
| Date of publication, distribution, etc. | 1997- |
| 490 ## - SERIES STATEMENT | |
| Series statement | BCIS Building Cost Index Models |
| 490 ## - SERIES STATEMENT | |
| Series statement | BCIS Bulletin Service |
| 490 ## - SERIES STATEMENT | |
| Series statement | BCIS Special Study |
| 505 ## - FORMATTED CONTENTS NOTE | |
| Formatted contents note | Introduction : description of the building cost indices and models ; calculation of the models ; building cost indices models ; comparison with the previous index model ; analysis of labour/materials/plant components of "BCIS general building cost index" ; bibliography |
| 505 ## - FORMATTED CONTENTS NOTE | |
| Formatted contents note | Tables : table 1 - contract anaylsed for rebased indices ; percentage weightings of labour indices at June 1976 levels ; weightings for BCIS cost indices ; labour/material/plant percentages for BCIS cost indices at June 1976 levels ; where to find BCIS cost indices |
| 520 ## - SUMMARY, ETC. | |
| Summary, etc. | Describes how new models were prepared for the BCIS building cost indices in 1993. This models were introduced in January 1994. Filed in "BCIS bulletin service". |
| 520 ## - SUMMARY, ETC. | |
| Summary, etc. | This item is part of a subscription service and cannot be photocopied. Neither can be any part of it be read out over the phone. Please contact BCIS direct on +44 (0)20 7695 1500 for details. |
| 650 ## - SUBJECT ADDED ENTRY--TOPICAL TERM | |
| Topical term or geographic name entry element | BCIS LABOUR COST INDEX |
| 650 ## - SUBJECT ADDED ENTRY--TOPICAL TERM | |
| Topical term or geographic name entry element | BCIS MATERIALS COST INDEX |
| 650 ## - SUBJECT ADDED ENTRY--TOPICAL TERM | |
| Topical term or geographic name entry element | BCIS PLANT COST INDEX |
| 650 ## - SUBJECT ADDED ENTRY--TOPICAL TERM | |
| Topical term or geographic name entry element | BCIS BRICK CONSTRUCTION COST INDEX |
| 650 ## - SUBJECT ADDED ENTRY--TOPICAL TERM | |
| Topical term or geographic name entry element | BCIS BUILDING COST INDICES |
| 650 ## - SUBJECT ADDED ENTRY--TOPICAL TERM | |
| Topical term or geographic name entry element | BCIS BUILDING COST MODELS |
| 650 ## - SUBJECT ADDED ENTRY--TOPICAL TERM | |
| Topical term or geographic name entry element | BCIS CONCRETE FRAMED CONSTRUCTION COST INDEX |
| 650 ## - SUBJECT ADDED ENTRY--TOPICAL TERM | |
| Topical term or geographic name entry element | BCIS GENERAL BUILDING COST INDEX |
| 650 ## - SUBJECT ADDED ENTRY--TOPICAL TERM | |
| Topical term or geographic name entry element | BCIS GENERAL BUILDING COST (EXCLUDING M AND E) INDEX |
| 650 ## - SUBJECT ADDED ENTRY--TOPICAL TERM | |
| Topical term or geographic name entry element | BCIS M AND E COST INDEX |
| 650 ## - SUBJECT ADDED ENTRY--TOPICAL TERM | |
| Topical term or geographic name entry element | BCIS STEEL FRAMED CONSTRUCTION COST INDEX |
| 650 ## - SUBJECT ADDED ENTRY--TOPICAL TERM | |
| Topical term or geographic name entry element | BUILT ENVIRONMENT-BUILDING COSTS |
| 690 ## - LOCAL SUBJECT ADDED ENTRY--TOPICAL TERM (OCLC, RLIN) | |
| Topical term or geographic name as entry element | BUILT ENVIRONMENT-BUILDING COSTS |
| 942 ## - ADDED ENTRY ELEMENTS (KOHA) | |
| Suppress in OPAC | 0 |
No items available.